[Event "Olympiad-34"]
[Site "Istanbul"]
[Date "2000.10.29"]
[Round "2.2"]
[White "Dydyshko, Viacheslav"]
[Black "Yrjola, Jouni"]
[Result "1/2-1/2"]
[WhiteElo "2525"]
[BlackElo "2442"]
[Annotator "Finkel,A"]
[PlyCount "69"]
[EventDate "2000.10.28"]
[EventType "team-swiss"]
[EventRounds "14"]
[EventCountry "TUR"]
[SourceTitle "EXT 2001"]
[Source "ChessBase"]
[SourceDate "2000.11.22"]
[SourceVersion "1"]
[SourceVersionDate "2000.11.22"]
[SourceQuality "1"]
[WhiteTeam "Belarus"]
[BlackTeam "Finland"]
[WhiteTeamCountry "BLR"]
[BlackTeamCountry "FIN"]

1. d4 d6 2. Nf3 g6 3. e4 Bg7 4. Bc4 Nf6 5. Qe2 O-O 6. O-O Nc6 (6... Bg4 7. h3
Bxf3 8. Qxf3 Nc6 (8... e5 9. c3 Nc6 10. Rd1 Qe8 11. Bg5 Nd7 12. Qe3 Kh8 13. Na3
a6 14. Bd5 Nb6 15. Bxc6 Qxc6 16. d5 $13 {Timman,J-Delemarre,J/Wijk 1995}) 9. c3
e5 10. Bb5 exd4 (10... Nd7 11. d5 Ne7 12. Nd2 f5 13. Bxd7 Qxd7 14. Qd3 c6 15.
dxc6 bxc6 $15 {Nikolac,J-Tkachiev,V/Solin 7th+ 1999}) 11. Bxc6 bxc6 12. cxd4
Nd7 13. Be3 Qb8 14. Qe2 Qb4 15. a3 Qb3 16. Nc3 Nb6 $15 {Srebrnic,A-Nikolov,S/
Ljubljana op 11th 2000}) 7. Rd1 Bg4 8. h3 (8. c3 e5 9. d5 Ne7 10. Bg5 Nh5 11.
h3 Bxf3 12. Qxf3 f6 13. Be3 f5 14. exf5 Nxf5 $15 {Blankerow,W-Gurevich,D/World
op 1998}) 8... Bxf3 9. Qxf3 Nd7 10. c3 e5 11. Be3 Nb6 (11... Kh8 12. Na3 (12.
Bb5 f5 13. Bxc6 bxc6 14. exf5 gxf5 15. Qxc6 f4 16. Bc1 f3 $36 {Lev,R-Avrukh,B/
ISR-chT 1997}) 12... Qe7 13. d5 Nd8 14. Bd3 c5 15. dxc6 bxc6 16. Bc2 Nb7 17.
Nc4 f5 $15 {Grundherr,M-Maier,P/AUT-chT2W 9798}) 12. Bb3 exd4 $6 {Black's plan
despite his originality has serious drawbacks,however in the game white didn't
manage to show convincing way to advantage.} 13. cxd4 $14 a5 14. a3 (14. Nc3 a4
15. Bc2 Nb4 16. Rac1 Nc4 17. a3 Nxc2 18. Rxc2 Nxe3 19. Qxe3 $13) 14... a4 15.
Ba2 Na5 16. Nd2 $1 {[%csl Ra5,Gb3,Gc4]} (16. Nc3 Nac4 17. Bc1 c6 18. b3 (18. d5
$5) 18... axb3 19. Bxb3 Qd7 (19... d5 20. exd5 cxd5) 20. a4 f5 $132) 16... c6
17. Rac1 Kh8 18. Qg3 d5 19. Bf4 (19. e5 $5 Qd7 20. f4 (20. h4 f6 21. exf6 Bxf6
22. Nf3 Nac4 23. Ne5 Qe7 24. Bxc4 Nxc4 25. Nxc4 dxc4 $132) 20... Nc8 21. Nf3 b5
22. Rc3 Nc4 23. Bc1 Ne7 24. Bb1 $14) 19... Qd7 20. Bd6 $6 {Starting very
strange manouvre aiming finally to...take the knight on a5!No wonder that in
the end of the game black had an upper hand.} Rfe8 21. e5 (21. Bc5 Nbc4 (21...
Nc8 22. exd5 cxd5 23. Nf3 b6 24. Bb4 Nc6 25. Bc3 $14) 22. Nxc4 Nxc4 23. Bxc4
dxc4 24. Re1 $14) 21... Nc8 22. Bb4 b5 $1 {[%cal Ga5c4]} 23. Bxa5 Rxa5 24. Qc3
Ra6 $132 25. f4 f6 26. Rf1 (26. Re1 fxe5 27. dxe5 (27. fxe5 $11) 27... Qf5 28.
Qd4 g5 $132) 26... Rf8 27. Bb1 Qe7 28. Rce1 Rb6 $1 {[%cal Gb5b4]} 29. Nf3 (29.
Bc2 $5) 29... fxe5 30. fxe5 Kg8 31. Nh2 b4 32. axb4 Qxb4 33. Rxf8+ Bxf8 34. Qe3
c5 $5 (34... Bh6 $1 35. Qf2 Qd2 $1 (35... Qxb2 36. Qh4 $132 {[%cal Gh2g4,Gh4d8]
}) 36. Re2 Qc1+ (36... Qf4) 37. Re1 Rxb2 38. Rxc1 Rxf2 39. Rxc6 Be3 $1 40. Kh1
Ne7 $17) 35. Ng4 $15 1/2-1/2

[Event "Julian Borowski-B 4th"]
[Site "Essen"]
[Date "2002.05.23"]
[Round "7"]
[White "De Gleria, Francesco"]
[Black "Appel, Ralf"]
[Result "1-0"]
[WhiteElo "2419"]
[BlackElo "2512"]
[Annotator "Finkel,A"]
[PlyCount "91"]
[EventDate "2002.05.16"]
[EventType "tourn"]
[EventRounds "9"]
[EventCountry "GER"]
[EventCategory "16"]
[SourceTitle "CBM 090"]
[Source "ChessBase"]
[SourceDate "2002.09.20"]
[SourceVersion "1"]
[SourceVersionDate "2002.09.20"]
[SourceQuality "1"]

1. e4 {Hecht} g6 2. d4 Bg7 3. Nc3 d6 4. g3 a6 (4... e5 5. dxe5 dxe5 6. Qxd8+
Kxd8 7. Nf3 f6 8. Be3 Be6 9. O-O-O+ Nd7 10. Nd2 Nh6 11. f3 Nf7 12. Bc4 $14 {
Schmittdiel,E-Ingenerf,S/Niederdreisbach 1981}) (4... h5 $6 5. h3 a6 6. Bg2 Nd7
7. Nge2 e5 8. a4 Ne7 9. Bg5 f6 10. Be3 h4 11. Qd2 $14 {Schandorff,L-Pedersen,K/
Aarhus 1986}) 5. Bg2 b5 6. e5 $5 {Interesting move, but hardly a very good one.
} (6. Nge2 Bb7 7. O-O e6 (7... Nd7 8. Be3 c5 9. Qd2 Rc8 10. Nd1 cxd4 11. Bxd4
e5 12. Be3 Nc5 $13 {Manakov,I-Chepukaitis,G/St Petersburg 2000}) 8. Be3 Nd7 9.
Qd2 h6 10. f4 Ne7 11. Rae1 Rb8 12. h3 $14 {De la Villa Garcia,J-Soloviov,S/San
Sebastian 1993}) 6... Ra7 (6... c6 $5) 7. exd6 cxd6 8. Nge2 b4 {More natural
looked} (8... Nf6 9. O-O O-O 10. d5 Bb7 11. Be3 Ra8 $132 {[%csl Rg2] , but
black is doing ok after the move in the game too.}) 9. Nd5 Bb7 10. O-O a5 11.
Re1 Bxd5 $6 {There was no reason to give up the bishop.} (11... Nf6 12. Nxf6+
Bxf6 13. d5 O-O 14. Be3 Ra8 15. Nd4 Nd7 $13) 12. Bxd5 Nf6 13. Bg2 d5 14. a3 Rb7
15. axb4 axb4 16. Qd3 O-O 17. Bd2 $14 {[%csl Rb4]} Nc6 18. Ra6 Qd7 $6 (18...
Rb6 19. Rea1 Qb8 20. Nc1 Ne4 21. Be3 f5 22. Rxb6 Qxb6 23. Nb3 $14) 19. Nc1 Ne4
20. Nb3 $5 Nxd4 $1 {The best chance to omplicate the matters.} (20... Nxd2 $2
21. Nc5 Qc8 22. Nxb7 Qxb7 23. Bxd5 $18 {[%csl Rd2]}) 21. Ra5 $1 {White's reply
is not less stronger.} (21. Nxd4 $2 Nc5 $19 {[%csl Ra6,Rd4]}) 21... Nxb3 $2 (
21... Qd8 22. Rxd5 $1 {[%cal Gg2b7]} Qxd5 23. Bxe4 Qb5 24. Nxd4 Qxd3 25. cxd3
$16) (21... Rb5 $8 22. Rxb5 Qxb5 23. Qxb5 Nxb5 24. Bxb4 Bxb2 $14) 22. Rxd5 Nec5
(22... Nbc5 23. Rxd7 Rxd7 24. Qxd7 Nxd7 25. Rxe4 $16) 23. Rxd7 Rxd7 24. Qb5 $1
Rxd2 25. cxb3 Bd4 26. Rxe7 $6 {It was better to keep the pawn on f2.} (26. Re2
$5 Rxe2 27. Qxe2 e5 28. Qb5 $16 {[%csl Rb4]}) 26... Bxf2+ (26... Rxf2 27. Kh1 (
27. Qxb4 Rf4+ 28. Kh1 Nd3 $11 {[%cal Gd3f2]}) 27... Rxb2 28. Bd5 $14) 27. Kh1
Rd1+ (27... Nxb3 28. Bd5) 28. Bf1 Bd4 29. Kg2 Ne6 30. h4 $5 Rd2+ 31. Kh3 Bg1
32. Bg2 Rxb2 33. Qxb4 Bc5 34. Qc3 Re2 $2 {Blunder in the position where the
draw seemed to be the most likely result after} (34... Rxb3 $1 35. Qxb3 Bxe7
$11) (34... Rxg2 $2 35. Rxe6 fxe6 36. Kxg2 $18) 35. Rxe6 $1 $18 fxe6 36. Qxc5
Rff2 37. b4 $5 Rxg2 38. Qc8+ Kg7 39. Qb7+ Kf6 40. Qxg2 Rxg2 41. Kxg2 {Hecht: '
[#] Der entfernte Freibauer. Da der schwarze König v o r seinem Freibauern
operieren kann, ist die Sache kein Selbstläufer. '} Ke5 42. Kf3 Kd4 (42... Kd5
{(Hecht) Das einfache Abholen des Bb4 ist ohne Pfiff.} 43. g4 Kc4 44. Ke4 Kxb4
45. Ke5 Kc4 46. Kxe6 Kd4 47. Kf6 Ke4 48. g5 Kf4 49. Kg7 Kg4 50. Kxh7 Kh5 51.
Kg7 Kxh4 52. Kxg6 $18) 43. g4 Kd3 44. Kf4 {'!' Hecht.} (44. b5 {Hecht} e5 45.
b6 e4+ 46. Kf2 Kd2 47. b7 e3+ 48. Kf3 e2 49. b8=Q e1=Q 50. Qb4+ Kd1 51. Qxe1+
Kxe1 52. h5 gxh5 53. gxh5 Kd2 54. Kf4 Kd3 55. Kg5 Ke4 56. Kh6 Kf5 57. Kxh7 Kf6
58. h6 Kf7 $11) 44... Kd4 45. b5 e5+ 46. Kg3 (46. Kg3 Kc5 47. Kf3 Kxb5 48. Ke4
Kc6 49. Kxe5 Kd7 50. Kf6 $18) (46. Kf3 {Hecht} Kd3 {und e4 folgt mit Schach})
1-0

[Event "POL-ch 59th"]
[Site "Warsaw"]
[Date "2002.05.01"]
[Round "3"]
[White "Bartel, Mateusz"]
[Black "Krasenkow, Michal"]
[Result "0-1"]
[WhiteElo "2417"]
[BlackElo "2641"]
[Annotator "Finkel,A"]
[PlyCount "84"]
[EventDate "2002.04.29"]
[EventType "tourn"]
[EventRounds "13"]
[EventCountry "POL"]
[EventCategory "10"]
[SourceTitle "CBM 089"]
[Source "ChessBase"]
[SourceDate "2002.08.12"]
[SourceVersion "1"]
[SourceVersionDate "2002.08.12"]
[SourceQuality "1"]

1. e4 g6 2. d4 Bg7 3. Nf3 d6 4. Bc4 e6 $5 {Deviating from the theory at very
early stage.} (4... Nf6) 5. Bb3 Ne7 6. O-O (6. h4 $5) 6... b6 (6... O-O 7. c3 (
7. Qe2 a5 8. a4 b6 9. Rd1 Nd7 10. Bf4 Nf6 11. h3 $14 {Lein,A-Ujtelky,M/Sochi
1967}) 7... b6 8. Be3 (8. Nbd2 Nbc6 9. Re1 Na5 10. Bc2 c5 11. Nf1 Nac6 12. Be3
$14 {Huebner,R-Petrosian,T/Biel 1976}) (8. Re1 c5 9. a4 Ba6 10. Na3 Qd7 11. Nc4
cxd4 12. Nxd4 d5 13. exd5 Nxd5 14. Ne5 $14 {Kovacevic,V-Plaskett,J/Hastings
1982}) 8... Bb7 9. Nbd2 Nd7 10. Re1 h6 11. Qe2 a5 12. Bc4 d5 $1 $11 {
Sigurjonsson,G-Rossetto,H/Skopje 1972}) 7. Re1 (7. Bf4 Bb7 8. Re1 Nd7 9. c3 h6
10. Na3 O-O 11. Qd3 Nc6 12. Rad1 Qe7 13. h3 $14 {Wittmann,W-Kindermann,S/
Munich 1987}) 7... Nd7 8. Nbd2 Bb7 (8... Ba6 9. c3 O-O 10. Nf1 Bxf1 11. Kxf1 c5
12. Bf4 cxd4 13. cxd4 Nf6 14. e5 dxe5 15. dxe5 Nfd5 16. Bg5 Qd7 $132 {Lau,
R-Feustel,B/Bad Neuenahr 1978}) 9. Nf1 $6 O-O 10. Ng3 c5 11. c3 Rc8 12. Be3 Nf6
13. Bg5 h6 14. Bxf6 Bxf6 $11 {The position is about equal, but white fails to
find a correct plan and is being outplayed move by move.} 15. Qd2 (15. e5 dxe5
16. dxe5 Bg7 17. Ne4 Nf5 $13) 15... Bg7 16. Rad1 c4 $6 17. Bc2 f5 18. Qe2 (18.
exf5 $6 exf5 (18... Bxf3 $6 19. gxf3 exf5 20. Re6 $13) 19. Ne2 Bxf3 20. gxf3
Nd5 $15 {[%cal Gd8h4]}) 18... f4 19. Nf1 g5 20. e5 $6 {Bad positional decision.
After correct} (20. N3d2 $1 {[%csl Rc4,Re6][%cal Ge2g4] white is much better:}
b5 (20... d5 21. exd5 Bxd5 22. Nf3 $14) (20... Rc7 21. Nxc4 f3 22. gxf3 Ng6 23.
Nfd2 Nf4 24. Qe3 $16) 21. Qg4 Qd7 22. d5 Ng6 23. dxe6 Qe7 24. Nf3 Rce8 25. Qh5
$1 $16 {[%cal Ge4e5]}) 20... d5 21. h3 Bc6 22. N1h2 Be8 23. Ng4 Bh5 24. Nfh2
Qe8 25. h4 $2 {Helping black to create threats against white king.} (25. Qf1
Nf5 26. Rd2 Bg6 27. Rde2 Nh4 28. Nf6+ Bxf6 29. exf6 Bxc2 30. Rxc2 Rxf6 31. Ng4
Rg6 $15) 25... Nf5 26. hxg5 hxg5 27. Qf3 Qg6 28. Qh3 Kf7 {[%csl Rg1][%cal
Gf8h8,Gh8h7,Gc8h8]} 29. g3 Rh8 30. Qg2 Rh7 31. Rd2 (31. Rc1 Rch8 32. Ne3 fxe3
33. g4 Bxg4 34. Nxg4 Rh1+ 35. Qxh1 Rxh1+ 36. Kxh1 Qh5+ 37. Nh2 exf2 $19) 31...
Rch8 32. Ne3 $5 (32. Bd1 Bxg4 33. Nxg4 Rh3 34. gxf4 gxf4 {[%cal Gh8h4,Gg6h7]}
35. a3 R8h4 36. Be2 Qh7 37. Bf3 Rxf3 38. Qxf3 Rh3 $19) 32... fxe3 33. fxe3 g4
$19 34. e4 (34. Bxf5 exf5 35. Qxd5+ Qe6 36. Qb7+ Kg6 $19) 34... dxe4 35. d5 Bf8
$1 {[%cal Gf8c5]} 36. d6 (36. dxe6+ Qxe6 37. Qxe4 Bg6 $19) 36... Qg5 37. Rf2
Bg6 38. Qxe4 Rh3 39. Qxc4 Rxg3+ 40. Kf1 Rf3 $1 41. Nxf3 gxf3 42. Rxf3 Rh1+ 0-1

[Event "Budapest FS04 GM-A"]
[Site "Budapest"]
[Date "2002.04.12"]
[Round "11"]
[White "Fogarasi, Tibor"]
[Black "Vajda, Levente"]
[Result "1/2-1/2"]
[WhiteElo "2445"]
[BlackElo "2539"]
[Annotator "Finkel,A"]
[PlyCount "72"]
[EventDate "2002.04.02"]
[EventType "tourn"]
[EventRounds "13"]
[EventCountry "HUN"]
[EventCategory "9"]
[SourceTitle "CBM 089"]
[Source "ChessBase"]
[SourceDate "2002.08.12"]
[SourceVersion "1"]
[SourceVersionDate "2002.08.12"]
[SourceQuality "1"]

1. e4 d6 2. d4 g6 3. Nc3 Bg7 4. Be3 c6 5. Qd2 b5 6. a4 b4 7. Nd1 a5 8. c3 (8.
Bd3 Nd7 9. Ne2 Ngf6 10. O-O O-O 11. Bh6 c5 12. Bxg7 Kxg7 13. c3 e5 14. dxe5
Nxe5 $13 {Pritchett,C-Ljubojevic,L/Groningen 1970}) 8... bxc3 (8... Qb6 9. Nf3
Nf6 10. Bd3 Ba6 11. e5 Nd5 12. exd6 exd6 13. c4 Nxe3 14. Qxe3+ Kf8 15. O-O Qd8
$132 {Gamboa,N-Araque,R/Bogota 1991}) 9. bxc3 f5 $5 {A new approch to the
position! In the game white didn't manage to pose black any problems, but he
missed a few possibilities on his way!} (9... Nf6 10. f3 O-O (10... Nbd7 11.
Bh6 (11. Bd3 O-O 12. Ne2 e5 13. O-O d5 14. Nf2 Qc7 15. Bh6 Rb8 16. Bxg7 Kxg7
17. f4 $14 {Muse,M-Kozul,Z/Makarska Tucepi 1995}) 11... O-O 12. h4 e5 13. h5 $5
d5 14. Bxg7 Kxg7 15. hxg6 fxg6 16. Qh6+ Kg8 17. f4 $5 $36 {Nikitin,
A-Khamidulin,V/St Petersburg 1997}) 11. h4 (11. Bd3 Ba6 12. Nf2 Nbd7 13. Ne2
Bxd3 14. Nxd3 Qc8 15. O-O Qa6 16. Ng3 $14 {Muse,M-Segal,A/Berlin 1996}) 11...
e5 12. Ne2 Nbd7 13. Bh6 d5 14. Bxg7 Kxg7 15. h5 dxe4 16. hxg6 fxg6 17. Qh6+ Kg8
18. fxe4 Qe7 $13 {Stasiunaite,L-Zykiene,R/Marijampole 1996}) (9... Qc7 10. f4
Nf6 11. Nf2 Nbd7 12. Nf3 O-O 13. Bd3 Ba6 14. e5 $14 {Anka,E-Walch,I/Bayern 1999
}) 10. exf5 Bxf5 11. Bd3 $6 {After this move black is ok! Much more dangerous
for black was} (11. Ne2 Nf6 12. Ng3 Ne4 13. Nxe4 Bxe4 14. f3 Bf5 15. h4 $5 $36
{[%cal Gh4h5,Ge3h6] intending to take an advantage of an early f5.}) 11... Nf6
12. Ne2 Qc8 13. O-O O-O 14. Bxf5 Qxf5 (14... gxf5 $6 15. Bh6 Rf7 16. Bxg7 Rxg7
17. Ng3 $14) 15. Bh6 Ne4 16. Qe3 Bxh6 17. Qxh6 Nd7 18. f3 Nef6 19. Ng3 Qd3 20.
Qe3 Qxe3+ 21. Nxe3 Nd5 $5 22. Rfe1 $5 {Interesting move forcing both players
to calculate a few variations before the draw is agreed!} (22. Nxd5 cxd5 23.
Rfb1 Rfb8 24. Kf2 Kf7 25. Ke2 e5 26. Kd3 Ke6 $11) 22... Nxc3 $5 (22... Kf7 $5)
23. Rec1 Nd5 24. Nxd5 cxd5 25. Rc7 Rfd8 26. Rb1 {[%cal Gb1b7,Gb7h7]} e5 (26...
Kf7 $5 27. Rbb7 Ke8 28. Ne2 Rac8 29. Nf4 Rxc7 30. Rxc7 Nb6 31. Rb7 Nxa4 32.
Nxd5 Rd7 33. Rb8+ Kf7 34. Ra8 $11) 27. Rbb7 Nf6 28. Ne2 Rab8 29. Rg7+ Kh8 30.
Ra7 Rb2 31. Rgf7 Rxe2 32. Rxf6 exd4 33. Rff7 d3 34. Rxh7+ Kg8 35. Rhg7+ Kf8 36.
Rh7 Kg8 1/2-1/2

[Event "Budapest FS04 GM-A"]
[Site "Budapest"]
[Date "2002.04.12"]
[Round "11"]
[White "Bokros, Albert"]
[Black "Horvath, Adam"]
[Result "1/2-1/2"]
[WhiteElo "2435"]
[BlackElo "2464"]
[Annotator "Finkel,A"]
[PlyCount "53"]
[EventDate "2002.04.02"]
[EventType "tourn"]
[EventRounds "13"]
[EventCountry "HUN"]
[EventCategory "9"]
[SourceTitle "CBM 089"]
[Source "ChessBase"]
[SourceDate "2002.08.12"]
[SourceVersion "1"]
[SourceVersionDate "2002.08.12"]
[SourceQuality "1"]

1. e4 g6 2. d4 Bg7 3. Nc3 d6 4. Be3 a6 5. f3 b5 6. Qd2 Bb7 (6... c6 7. h4 Nf6
8. Bh6 $6 (8. g4 $142) 8... Bxh6 9. Qxh6 Qa5 10. Nge2 Nbd7 11. Nc1 c5 $1 12.
Nb3 Qc7 13. Qe3 cxd4 14. Qxd4 Qb6 15. Qd2 Bb7 16. O-O-O Nc5 17. Nxc5 Qxc5 18.
Bd3 O-O-O 19. Kb1 Kb8 $10 {Dimitrov,V-Nijboer,F/Debrecen EU-chT/1992/}) 7.
O-O-O {White sticks to his original plan!} (7. Nh3 Nd7 8. Nf2 (8. a4 bxa4 9.
Be2 Ngf6 10. O-O O-O 11. Rxa4 c5 12. Rfa1 cxd4 13. Bxd4 Nc5 14. Ra5 Qc7 $13 {
Shabanov,Y-Hoi,C/Tbilisi 1987}) 8... c5 9. a3 Rc8 10. Be2 Ngf6 11. d5 Nb6 12.
O-O Nfd7 $13 {Cardoso,R-Kagan,S/Nice 1974}) (7. Nd1 $6 Nd7 8. c3 Ngf6 9. a4
bxa4 10. Rxa4 O-O 11. Bd3 e5 12. d5 Ne8 13. b4 f5 14. g4 fxg4 15. fxg4 c6 $132
{Mokry,K-Hoi,C/Copenhagen 1985}) (7. a4 b4 (7... c6 8. Nh3 Nd7 9. Nf2 Ngf6 10.
Be2 e5 11. dxe5 dxe5 12. O-O O-O 13. Nd3 Re8 14. Rfd1 Bf8 15. Bf1 Qc7 $11 {
Gheorghiu,F-Mecking,H/Lugano 1968}) 8. Nd1 a5 9. c3 bxc3 10. bxc3 Nd7 11. Rb1
Qc8 12. Bd3 Ba6 13. Ne2 Bxd3 14. Qxd3 Ngf6 15. O-O O-O 16. Nb2 c5 $11 {Safin,
S-Kantsler,B/Bishkek 1993}) (7. h4 h6 (7... h5 8. Nh3 Nd7 9. Ng5 Ngf6 10. a4 b4
11. Ne2 a5 12. c3 bxc3 13. bxc3 O-O 14. Nc1 c6 15. Nd3 Qc7 16. Qa2 $5 c5 17.
Nf4 $36 {Gazik,I-Sznapik,,A/Budapest zt-B/1993/}) 8. Nge2 (8. a4 $5 b4 9. Nd1
a5 10. c3 bxc3 11. bxc3 Nf6 12. Bd3 $14 {><h6}) 8... Nd7 9. g4 c5 10. Ng3 cxd4
11. Bxd4 Bxd4 (11... Ne5 12. Be2 $36 {/\f4}) 12. Qxd4 Ngf6 $1 $132 {Xie
Jun-Gaprindashvili,N/Kuala Lumpur 1994}) 7... Nd7 8. Kb1 (8. h4 h5 9. Nh3 Rc8
10. Ng5 c5 11. Kb1 Qa5 12. dxc5 Bxc3 $2 13. bxc3 Nxc5 14. e5 $1 $16 {Lauk,
U-Nouro,M/Jyvaskyla 1994}) 8... c5 $5 9. h4 (9. dxc5 Nxc5 (9... dxc5 $5 10. g4
h5 11. gxh5 Rxh5 12. Nge2 Ngf6 13. Ng3 Rh8 14. h4 Qc7 $13) 10. h4 h5 11. Nh3
Rc8 12. Ng5 Qa5 $13) 9... h5 $1 {It's important to prevent white from playing
h5.} 10. Nh3 Ngf6 11. dxc5 dxc5 {Of course not} (11... Nxc5 $2 12. e5 $1 {
and black is in troubles.}) 12. Ng5 O-O 13. Be2 Qc7 (13... Qb6 14. g4 b4 15.
Nd5 Bxd5 16. exd5 $14) 14. Bf4 {Deserved attention risky} (14. g4 $5 b4 15. Nd5
Nxd5 16. exd5 Qe5 17. Qc1 Nf6 18. f4 Qc7 19. gxh5 gxh5 20. Rhg1 $36 {with very
complicated struggle with slightly better prospects for white.}) 14... e5 15.
Be3 Rfc8 16. Qd6 (16. Nd5 $5 Nxd5 17. exd5 c4 $1 {[%csl Rd5]} 18. Ne4 $1 (18.
c3 Nf6 19. d6 Qd7 20. Rhg1 Rc6 21. g4 Bf8 22. Qc2 Rxd6 $15) 18... f5 19. Ng5 c3
20. bxc3 (20. Qc1 cxb2 21. Qxb2 Qd6 $15) 20... Qxc3 21. Ne6 $13) 16... Qxd6 17.
Rxd6 Bf8 18. Rd2 Nb6 19. Rhd1 b4 20. Nd5 Nbxd5 21. exd5 Bd6 (21... c4 22. d6 c3
23. Rd3 Bc6 $13 {[%cal Gc6b5]}) 22. Bc4 Kg7 23. Ne4 Nxe4 24. fxe4 Rf8 25. Rf1
f5 26. exf5 gxf5 27. g3 $13 1/2-1/2

[Event "GER-ch 72nd"]
[Site "Heringsdorf"]
[Date "2000.11.17"]
[Round "1"]
[White "Graf, Alexander"]
[Black "Siebrecht, Sebastian"]
[Result "1-0"]
[WhiteElo "2642"]
[BlackElo "2376"]
[Annotator "Finkel,A"]
[PlyCount "81"]
[EventDate "2000.11.17"]
[EventType "swiss"]
[EventRounds "9"]
[EventCountry "GER"]
[SourceTitle "CBM 080"]
[Source "ChessBase"]
[SourceDate "2001.01.25"]
[SourceVersion "1"]
[SourceVersionDate "2001.01.25"]
[SourceQuality "1"]

1. d4 g6 2. e4 Bg7 3. Nc3 d6 4. f4 a6 5. Nf3 b5 6. Bd3 Nd7 (6... Bb7 7. O-O Nd7
8. e5 c5 9. exd6 cxd4 10. Ne4) 7. e5 (7. O-O c5) (7. a4 b4 8. Ne2 c5 9. c3)
7... c5 8. Be3 (8. exd6 exd6 9. Ne4 Qb6 10. dxc5 dxc5 11. a4 $2 (11. Be2 $5
Ngf6 12. Nd6+ Ke7 13. Nxc8+ Raxc8 14. O-O Rhe8 $13) 11... Nh6 $1 12. axb5 O-O
$17 {Schlosser,M-Chernin,A/Erevan olm 1996}) (8. Be4 Rb8 9. Be3 b4 10. Ne2 Nh6
11. h3 O-O 12. c3 $146 (12. O-O Qc7 13. c3 bxc3 14. bxc3 Nb6 15. dxc5 dxc5 16.
Ng3 $14) 12... Nb6 13. Bf2 $6 bxc3 14. bxc3 Nc4 $15) (8. e6 fxe6 9. Ng5 Ndf6
10. dxc5 dxc5 11. Nxh7) 8... c4 $6 {The main idea of this variation is to play
against white's center. Black neglects this idea and is punished very quickly.}
(8... Bb7 9. Be4 $5 Bxe4 10. Nxe4 Nh6 11. dxc5 Ng4 12. Qe2 dxe5 13. O-O-O $1
Qc7 14. fxe5 Ngxe5 15. Bf4 Nd3+ 16. Rxd3 Qxf4+ 17. Kb1 $36 {Lalic,B-Polzin,R/
Dresden op 1998}) 9. Be4 $14 Rb8 10. Ng5 $1 Nf8 (10... h6 $2 11. Nxf7 $1 (11.
Nf3 $6 Nb6 12. Bc6+ (12. d5 $6 Bg4 13. h3 Bxf3 14. Qxf3 dxe5 15. fxe5 Bxe5 16.
O-O Nf6 $15) 12... Bd7 13. Bxd7+ Qxd7 14. O-O e6 15. Ne4 Nc8 16. d5 $36) 11...
Kxf7 12. e6+ $1 Kf8 (12... Kxe6 13. Bd5+ Kf6 14. Ne4+ Kf5 15. g4#) 13. exd7
Bxd7 14. Bxg6 $16) 11. Qf3 Nh6 (11... h6 $6 12. Nh3 e6 13. Bc6+ Bd7 14. exd6
Bxc6 15. Qxc6+ Qd7 16. Qxa6 $18) 12. O-O Nf5 13. Bf2 b4 14. Ne2 e6 $6 (14... h6
15. Nh3 h5) 15. Bc6+ Bd7 16. Bxd7+ Qxd7 17. g4 $1 Ne7 18. Ne4 $1 {[%csl Rd6]
Black got rid of lightsquared bishop,but suddenly turns out that his
dark-squared one is the problem!} Nc8 19. Bh4 $16 h5 $2 (19... d5 20. Nf6+ Bxf6
21. Bxf6 Rg8 22. Qh3 $16 {[%cal Ge2g3,Gf4f5]}) 20. Bf6 d5 (20... hxg4 21. Bxg7
$5 (21. Qxg4 $1) 21... gxf3 22. Nf6+ Kd8 23. Nxd7 fxe2 24. Nxb8 exf1=Q+ 25.
Rxf1 Rg8 26. Bf6+ Ke8 27. Nxa6 $18) 21. Nc5 $18 hxg4 22. Qxg4 Qa7 23. Bxg7 Rh7
24. Bxf8 Kxf8 25. a3 b3 26. cxb3 Ne7 27. b4 Nf5 28. Rf3 a5 29. Rh3 Rxh3 30.
Qxh3 Kg7 31. Qf1 Qe7 32. Qf2 Qa7 33. Ng3 Ne7 34. Qe1 Nc6 35. Kh1 Rh8 36. Qg1
axb4 37. axb4 Qe7 38. b5 Nb4 39. f5 Qh4 40. fxe6 Qg4 41. exf7 1-0